000
00287nam a22001337a 4500
003
SGT
020
_a
978-93-5359-251-6
082
_a
631.7
_b
RED
100
_a
REDDY, S.R.
245
_a
IRRIGATION AGRONOMY
260
_a
LUDHIANA
_b
KALYANI
_c
2021
300
_a
550
942
_2
ddc
_c
BK
_0
7
999
_c
22193
_d
22193